[Event "Pardubice Czech op-A 26th"]
[Site "Pardubice"]
[Date "2015.07.27"]
[Round "4"]
[White "Skliarov, Viktor"]
[Black "Smagin, Nikita"]
[Result "1-0"]
[WhiteElo "2368"]
[BlackElo "2104"]
[PlyCount "35"]
[EventDate "2015.07.24"]
[EventType "swiss"]
[EventRounds "9"]
[EventCountry "CZE"]
[SourceTitle "CBM 167 Extra"]
[Source "ChessBase"]
[SourceDate "2015.09.14"]
[SourceVersion "1"]
[SourceVersionDate "2015.09.14"]
[SourceQuality "1"]

1. e4 e6 2. d4 d5 3. e5 c5 4. c3 Nc6 5. Nf3 Bd7 6. a3 f6 7. Bb5 Nxe5 8. Nxe5 fxe5 9. Qh5+ g6 10. Qxe5 Bxb5 11. Qxh8 Qh4 12. Be3 Nf6 13. Nd2 0-0-0 14. Nf3 Qe4 15. Qxf6 Bg7 16. Nd2 Qd3 17. Qf3 e5 18. Bg5 1-0

[Event "Maribor Pirc Memorial op 19th"]
[Site "Maribor"]
[Date "2015.06.29"]
[Round "6"]
[White "Zagorsek, David"]
[Black "Smagin, Nikita"]
[Result "0-1"]
[WhiteElo "1921"]
[BlackElo "2104"]
[PlyCount "96"]
[EventDate "2015.06.25"]
[EventType "swiss"]
[EventRounds "9"]
[EventCountry "SLO"]
[SourceTitle "CBM 167 Extra"]
[Source "ChessBase"]
[SourceDate "2015.09.14"]
[SourceVersion "1"]
[SourceVersionDate "2015.09.14"]
[SourceQuality "1"]

1. e4 g6 2. d4 Bg7 3. Nc3 d6 4. Nf3 a6 5. a4 Nd7 6. Be3 Ngf6 7. h3 0-0 8. e5 Ne8 9. Bc4 h6 10. e6 fxe6 11. Bxe6+ Kh7 12. Qd3 Nc5 13. Bg8+ Kxg8 14. dxc5 Bf5 15. Qc4+ Kh7 16. Ne2 dxc5 17. Qxc5 Bxb2 18. Rd1 Nd6 19. c3 a5 20. Rd2 b6 21. Qe5 Ba3 22. 0-0 Nf7 23. Qb5 Bd6 24. Ned4 Qe8 25. Qc4 Bd7 26. Ne6 Bxe6 27. Qxe6 Qxa4 28. Rd4 Qc2 29. Nh4 Ng5 30. Qg4 Rf6 31. Bxg5 hxg5 32. Qxg5 Bc5 33. Rd7 Raf8 34. Nf3 Bd6 35. Qh4+ Kg7 36. Ng5 Rh8 37. Qg4 Qf5 38. Qxf5 gxf5 39. Nf3 Kf7 40. Nd4 Ke8 41. Rxd6 exd6 42. f4 Kd7 43. Rf3 d5 44. g4 fxg4 45. hxg4 Rh4 46. g5 Rfxf4 47. Rxf4 Rxf4 48. Kh2 c5 0-1

[Event "Maribor Pirc Memorial op 19th"]
[Site "Maribor"]
[Date "2015.06.28"]
[Round "4"]
[White "Kovac, Boris"]
[Black "Smagin, Nikita"]
[Result "1-0"]
[WhiteElo "2252"]
[BlackElo "2104"]
[PlyCount "63"]
[EventDate "2015.06.25"]
[EventType "swiss"]
[EventRounds "9"]
[EventCountry "SLO"]
[SourceTitle "CBM 167 Extra"]
[Source "ChessBase"]
[SourceDate "2015.09.14"]
[SourceVersion "1"]
[SourceVersionDate "2015.09.14"]
[SourceQuality "1"]

1. e4 g6 2. d4 Bg7 3. Nc3 d6 4. f4 a6 5. Nf3 b5 6. a3 Nd7 7. e5 Bb7 8. Bd3 c5 9. Be4 Qc8 10. Be3 b4 11. axb4 cxb4 12. Bxb7 Qxb7 13. Ne2 Nh6 14. Qd3 0-0 15. 0-0 Rfc8 16. b3 dxe5 17. fxe5 Nf5 18. Bd2 h5 19. Ra2 Rc6 20. Rfa1 e6 21. h3 Bf8 22. Ng5 Qb6 23. Kh1 h4 24. g4 hxg3 25. Nxg3 Nh6 26. Qf3 Rac8 27. Rf1 Rxc2 28. Nxf7 Rxa2 29. Nxh6+ Bxh6 30. Qf7+ Kh8 31. Qxg6 Bg7 32. Rf7 1-0

[Event "Maribor Pirc Memorial op 19th"]
[Site "Maribor"]
[Date "2015.06.28"]
[Round "5"]
[White "Smagin, Nikita"]
[Black "Nemec, Hana"]
[Result "1/2-1/2"]
[WhiteElo "2104"]
[BlackElo "1918"]
[PlyCount "142"]
[EventDate "2015.06.25"]
[EventType "swiss"]
[EventRounds "9"]
[EventCountry "SLO"]
[SourceTitle "CBM 167 Extra"]
[Source "ChessBase"]
[SourceDate "2015.09.14"]
[SourceVersion "1"]
[SourceVersionDate "2015.09.14"]
[SourceQuality "1"]

1. e4 e6 2. d4 d5 3. Nc3 dxe4 4. Nxe4 Nd7 5. Nf3 Ngf6 6. Bg5 h6 7. Bh4 Be7 8. Nxf6+ Nxf6 9. Bd3 c5 10. dxc5 Qa5+ 11. c3 Qxc5 12. 0-0 0-0 13. Qe2 Rd8 14. Rad1 Qc7 15. Rd2 Bd7 16. Ne5 Bc6 17. Nxc6 Qxc6 18. Rfd1 Qc7 19. a3 Rd5 20. c4 Rdd8 21. h3 Kf8 22. Be4 Rxd2 23. Rxd2 Rd8 24. Rxd8+ Bxd8 25. Bf3 b6 26. Qd3 Be7 27. Bg3 Qd8 28. Qxd8+ Bxd8 29. Kf1 Ke7 30. Ke2 Kd7 31. Kd3 Bc7 32. Bxc7 Kxc7 33. b4 Kd6 34. Kc3 Nd7 35. Kb3 Kc7 36. Ka4 a6 37. Kb3 Kd6 38. Kc3 Nb8 39. Bh5 g6 40. Be2 f6 41. Bf3 Nc6 42. Bxc6 Kxc6 43. f4 Kd7 44. Kd4 Kd6 45. g3 Kc6 46. Ke4 Kd6 47. h4 h5 48. Kd4 Kc6 49. Ke3 Kd6 50. Ke4 Kc7 51. Kf3 Kd6 52. g4 f5 53. gxh5 gxh5 54. Ke3 e5 55. fxe5+ Kxe5 56. Kf3 a5 57. bxa5 bxa5 58. c5 Kd5 59. Kf4 Kxc5 60. Kxf5 a4 61. Kg5 Kc4 62. Kxh5 Kb3 63. Kg6 Kxa3 64. h5 Kb2 65. h6 a3 66. h7 a2 67. h8Q+ Kb1 68. Qb8+ Ka1 69. Qe5+ Kb1 70. Qb5+ Kc1 71. Qc4+ Kb1 1/2-1/2

[Event "Politiken Cup 35th"]
[Site "Helsingor"]
[Date "2013.08.02"]
[Round "8"]
[White "Nielsen, Lars Aaes"]
[Black "Smagin, Nikita"]
[Result "1-0"]
[WhiteElo "2265"]
[BlackElo "2081"]
[PlyCount "113"]
[EventDate "2013.07.27"]
[EventType "swiss"]
[EventRounds "10"]
[EventCountry "DEN"]
[SourceTitle "CBM 155 Extra"]
[Source "ChessBase"]
[SourceDate "2013.08.26"]
[SourceVersion "1"]
[SourceVersionDate "2013.08.26"]
[SourceQuality "1"]

1. e4 e6 2. d4 d5 3. Nc3 Bb4 4. e5 c5 5. a3 Bxc3+ 6. bxc3 Ne7 7. Qg4 Qc7 8. Qxg7 Rg8 9. Qxh7 cxd4 10. Ne2 dxc3 11. f4 Nbc6 12. Qd3 Nf5 13. h4 d4 14. h5 Qa5 15. Rb1 b6 16. h6 Ba6 17. Qe4 Rc8 18. h7 Rh8 19. g4 d3 20. gxf5 d2+ 21. Bxd2 cxd2+ 22. Kd1 Ne7 23. fxe6 fxe6 24. Ng3 Nd5 25. Qg6+ Kd8 26. Rb3 Bxf1 27. Rxf1 Nc3+ 28. Rxc3 Qxc3 29. Rf2 Kc7 30. Ne4 Qxa3 31. Kxd2 Qh3 32. Nf6 Rcd8+ 33. Ke2 Qc3 34. Qf7+ Kb8 35. Qxe6 Rd2+ 36. Kf1 Rxf2+ 37. Kxf2 Qxc2+ 38. Kg3 Qd3+ 39. Kh4 Rxh7+ 40. Nxh7 Qxh7+ 41. Kg5 Kc7 42. f5 Qg7+ 43. Kf4 Qg2 44. Qf7+ Kb8 45. e6 Qd2+ 46. Kg4 Qg2+ 47. Kh5 Qh3+ 48. Kg6 Qg4+ 49. Kh7 Qh4+ 50. Kg8 Qg5+ 51. Kf8 a5 52. e7 Qh6+ 53. Qg7 Qd6 54. Qg6 Qc5 55. Qe6 a4 56. Kg8 Qg1+ 57. Kf7 1-0

[Event "Politiken Cup 35th"]
[Site "Helsingor"]
[Date "2013.07.28"]
[Round "2"]
[White "Kristiansen, Jens"]
[Black "Smagin, Nikita"]
[Result "1-0"]
[WhiteElo "2396"]
[BlackElo "2081"]
[PlyCount "117"]
[EventDate "2013.07.27"]
[EventType "swiss"]
[EventRounds "10"]
[EventCountry "DEN"]
[SourceTitle "CBM 155 Extra"]
[Source "ChessBase"]
[SourceDate "2013.08.26"]
[SourceVersion "1"]
[SourceVersionDate "2013.08.26"]
[SourceQuality "1"]

1. d4 Nf6 2. Nf3 g6 3. c4 Bg7 4. Nc3 0-0 5. e4 d6 6. Be2 e5 7. d5 a5 8. Bg5 h6 9. Bh4 Na6 10. Nd2 Qe8 11. a3 Bd7 12. b3 Nh7 13. 0-0 h5 14. f3 Bh6 15. Rb1 Be3+ 16. Bf2 Bxf2+ 17. Rxf2 Nc5 18. Qc1 Qe7 19. b4 axb4 20. axb4 Na4 21. c5 Nxc3 22. Qxc3 f5 23. c6 bxc6 24. dxc6 Be6 25. Bc4 Bxc4 26. Qxc4+ Kh8 27. b5 fxe4 28. Nxe4 Ng5 29. Nxg5 Qxg5 30. b6 cxb6 31. Qd3 Qf5 32. Rd2 Rfd8 33. Rxb6 Ra1+ 34. Kf2 Qxd3 35. Rxd3 Rc1 36. Kg3 Kg7 37. Rb7+ Kh6 38. Rc7 Rc5 39. Rb3 Kg5 40. h4+ Kf5 41. Rbb7 d5 42. Rf7+ Ke6 43. Rg7 Kf6 44. Rbf7+ Ke6 45. Rd7 Kf6 46. Rxg6+ Kxg6 47. Rxd8 d4 48. Rd6+ Kf5 49. Rh6 d3 50. Kf2 Rc2+ 51. Ke3 d2 52. Rxh5+ Ke6 53. Ke2 d1Q+ 54. Kxd1 Rxg2 55. Rh6+ Ke7 56. Rh7+ Kd8 57. h5 Rh2 58. h6 Kc8 59. Ke1 1-0

[Event "Rethymno op 4th"]
[Site "Rethymno"]
[Date "2012.07.10"]
[Round "5"]
[White "Mamikonian, Tigran"]
[Black "Smagin, Nikita"]
[Result "1-0"]
[WhiteElo "2283"]
[BlackElo "2063"]
[PlyCount "43"]
[EventDate "2012.07.07"]
[EventType "swiss"]
[EventRounds "9"]
[EventCountry "GRE"]
[SourceTitle "CBM 149 Extra"]
[Source "ChessBase"]
[SourceDate "2012.08.24"]
[SourceVersion "1"]
[SourceVersionDate "2012.08.24"]
[SourceQuality "1"]

1. e4 e6 2. d4 d5 3. Nc3 Bb4 4. e5 c5 5. Bd2 Nh6 6. dxc5 Nc6 7. Qh5 Nf5 8. Nf3 0-0 9. 0-0-0 f6 10. g4 g6 11. Qh3 Nfd4 12. Nxd4 Nxd4 13. Bh6 fxe5 14. f4 Nc6 15. Bg2 exf4 16. Nxd5 Bxc5 17. Qc3 Bd4 18. Rxd4 Nxd4 19. Qxd4 Rf7 20. Rd1 f3 21. Bxf3 Bd7 22. g5 1-0

[Event "Moscow-ch sf"]
[Site "Moscow"]
[Date "2012.03.04"]
[Round "7"]
[White "Vavulin, Maksim"]
[Black "Smagin, Nikita"]
[Result "1-0"]
[WhiteElo "2227"]
[BlackElo "2041"]
[PlyCount "61"]
[EventDate "2012.02.26"]
[EventType "swiss"]
[EventRounds "9"]
[EventCountry "RUS"]
[SourceTitle "CBM 147 Extra"]
[Source "ChessBase"]
[SourceDate "2012.04.24"]
[SourceVersion "1"]
[SourceVersionDate "2012.04.24"]
[SourceQuality "1"]

1. e4 e6 2. d4 d5 3. e5 c5 4. c3 Nc6 5. Nf3 Bd7 6. Be2 Qc7 7. 0-0 f6 8. Re1 fxe5 9. Nxe5 Nxe5 10. dxe5 0-0-0 11. f4 Nh6 12. c4 Bc6 13. cxd5 Bxd5 14. Qc2 Nf5 15. Bg4 g6 16. Nc3 h5 17. Nxd5 Rxd5 18. Be2 Nd4 19. Qxg6 Nxe2+ 20. Rxe2 Rd1+ 21. Kf2 Qd7 22. Rb1 c4 23. Be3 Rxb1 24. Qxb1 Rg8 25. Qe4 Be7 26. Qxc4+ Kb8 27. Rd2 Bh4+ 28. g3 Qg7 29. gxh4 Qg1+ 30. Ke2 Qxh2+ 31. Bf2 1-0

[Event "Dieren op"]
[Site "Dieren"]
[Date "2011.07.20"]
[Round "2"]
[White "Jonker, Fred"]
[Black "Smagin, Nikita"]
[Result "1/2-1/2"]
[WhiteElo "2154"]
[BlackElo "1977"]
[PlyCount "72"]
[EventDate "2011.07.19"]
[EventType "swiss"]
[EventRounds "9"]
[EventCountry "NED"]
[SourceTitle "CBM 143 Extra"]
[Source "ChessBase"]
[SourceDate "2011.08.29"]
[SourceVersion "1"]
[SourceVersionDate "2011.08.29"]
[SourceQuality "1"]

1. e4 d6 2. d4 Nf6 3. Nc3 g6 4. Nf3 Bg7 5. Be2 0-0 6. 0-0 Bg4 7. Be3 Nc6 8. a4 e5 9. d5 Ne7 10. a5 a6 11. Nd2 Bxe2 12. Qxe2 Nd7 13. Na4 f5 14. f3 f4 15. Bf2 g5 16. c4 Rf7 17. b4 Bf8 18. c5 Nf6 19. b5 axb5 20. cxd6 cxd6 21. Nb6 Rb8 22. Qxb5 Ng6 23. Nbc4 h5 24. Qb6 g4 25. Qxd8 Rxd8 26. Rfb1 Rdd7 27. Rb6 Ne8 28. Nb3 Rg7 29. fxg4 hxg4 30. g3 Nf6 31. Re1 fxg3 32. Bxg3 Rgf7 33. Nbd2 Bh6 34. Nf1 Bf8 35. Nfd2 Bh6 36. Nb3 Bf8 1/2-1/2

[Event "Moscow op-E"]
[Site "Moscow"]
[Date "2011.02.02"]
[Round "5.212"]
[White "Smagin, Nikita"]
[Black "Shagdurov, Denis"]
[Result "0-1"]
[WhiteElo "2003"]
[BlackElo "1758"]
[PlyCount "96"]
[EventDate "2011.01.29"]
[EventType "swiss"]
[EventRounds "9"]
[EventCountry "RUS"]
[SourceTitle "EXT 2022"]
[Source "ChessBase"]
[SourceDate "2021.10.06"]
[SourceVersion "1"]
[SourceVersionDate "2021.10.06"]
[SourceQuality "1"]

1. e4 c6 2. d4 d5 3. exd5 cxd5 4. c4 Nf6 5. Nc3 g6 6. Nf3 Bg7 7. Bf4 0-0 8. c5 Nc6 9. Bb5 Bg4 10. Bxc6 bxc6 11. h3 Bxf3 12. Qxf3 Ne4 13. 0-0-0 e5 14. Bxe5 Bxe5 15. dxe5 Qg5+ 16. Kc2 Qxe5 17. Nxe4 dxe4 18. Qc3 Qf5 19. Qe3 Rfd8 20. g4 Qe5 21. f4 Qe7 22. Rd6 Rxd6 23. cxd6 Qe6 24. Kb1 Rd8 25. f5 Qe5 26. fxg6 hxg6 27. Qxa7 Qxd6 28. Qe3 Qe5 29. Re1 Rd4 30. h4 Qd5 31. Qc1 Rd2 32. Qc3 Rd3 33. Qc2 e3 34. h5 Rd2 35. Qb3 Qe4+ 36. Kc1 Rd3 37. Qb8+ Kg7 38. h6+ Kxh6 39. Qh2+ Kg7 40. Rh1 Kf8 41. Rf1 Qc4+ 42. Kb1 Qd4 43. Qc2 Qe4 44. Kc1 e2 45. Re1 Qe3+ 46. Kb1 Rd2 47. Qa4 Rd1+ 48. Rxd1 Qe4+ 0-1

[Event "Moscow-ch U18"]
[Site "Moscow"]
[Date "2010.12.06"]
[Round "8"]
[White "Vavulin, Maksim"]
[Black "Smagin, Nikita"]
[Result "1-0"]
[WhiteElo "2149"]
[BlackElo "1971"]
[PlyCount "117"]
[EventDate "2010.11.21"]
[EventType "swiss"]
[EventRounds "9"]
[EventCountry "RUS"]
[SourceTitle "EXT 2012"]
[Source "ChessBase"]
[SourceDate "2011.11.24"]
[SourceVersion "1"]
[SourceVersionDate "2011.11.24"]
[SourceQuality "1"]

1. e4 c5 2. Nf3 d6 3. d4 cxd4 4. Nxd4 Nf6 5. Nc3 Nc6 6. Bc4 e6 7. Be3 a6 8. Qe2 Qc7 9. Bb3 b5 10. 0-0-0 Na5 11. f3 Bb7 12. Bg5 Nxb3+ 13. axb3 Be7 14. b4 Qc4 15. Qxc4 bxc4 16. Nce2 0-0 17. c3 Rfe8 18. Nc2 d5 19. Bxf6 Bxf6 20. exd5 Bxd5 21. Ne3 a5 22. bxa5 Rxa5 23. Kc2 Rc5 24. Ng4 Be7 25. Rhe1 Bc6 26. Ra1 h5 27. Ne3 e5 28. Ng3 Bh4 29. Red1 e4 30. f4 Rd8 31. Rd4 Rxd4 32. cxd4 Rb5 33. Nxc4 g6 34. Kc3 Bd5 35. b4 Be7 36. Rb1 Rb8 37. Nf1 Bd8 38. Nfe3 Bc6 39. d5 Bf6+ 40. Ne5 Bb5 41. Kd4 Bd3 42. Rb3 g5 43. g3 gxf4 44. gxf4 Be7 45. Nc6 Bf6+ 46. Kc5 Rb5+ 47. Kd6 Bg7 48. Kc7 Bh6 49. Ng2 Bf1 50. d6 Bxg2 51. d7 Bxf4+ 52. Kc8 Bg5 53. Rg3 Kh7 54. Rxg2 Bf6 55. Rf2 Bh4 56. Rxf7+ Kg6 57. Rf4 Bg5 58. Rxe4 Kf5 59. Rc4 1-0

[Event "Moscow-ch U18"]
[Site "Moscow"]
[Date "2010.12.02"]
[Round "6"]
[White "Kuprijanov, Anatoly"]
[Black "Smagin, Nikita"]
[Result "0-1"]
[WhiteElo "2000"]
[BlackElo "1971"]
[PlyCount "76"]
[EventDate "2010.11.21"]
[EventType "swiss"]
[EventRounds "9"]
[EventCountry "RUS"]
[SourceTitle "EXT 2012"]
[Source "ChessBase"]
[SourceDate "2011.11.24"]
[SourceVersion "1"]
[SourceVersionDate "2011.11.24"]
[SourceQuality "1"]

1. d4 f5 2. c4 Nf6 3. Nc3 g6 4. h4 Bg7 5. h5 Nxh5 6. e4 fxe4 7. Rxh5 gxh5 8. Qxh5+ Kf8 9. Bh6 Bxh6 10. Qxh6+ Kg8 11. Qg5+ Kf8 12. Qf5+ Kg8 13. Qg5+ Kf8 14. Nxe4 Qe8 15. Qf4+ Qf7 16. Qxc7 Nc6 17. Nf3 Qf5 18. Nc3 d6 19. d5 Nb4 20. Qd8+ Kf7 21. Qxh8 Nc2+ 22. Kd2 Nxa1 23. Bd3 Qf4+ 24. Kd1 Bf5 25. Qxa8 Bxd3 26. Qxa7 Bc2+ 27. Ke2 Qxc4+ 28. Ke1 Bg6 29. Nd2 Nc2+ 30. Kd1 Qg4+ 31. Kc1 Qxg2 32. b3 Qh1+ 33. Nd1 Nb4 34. Nc4 Nd3+ 35. Kc2 Nxf2+ 36. Kb2 Nxd1+ 37. Ka3 Qxd5 38. Ka4 b5+ 0-1

[Event "Voronezh op-B 14th"]
[Site "Voronezh"]
[Date "2010.06.15"]
[Round "4"]
[White "Danilov, Yuri"]
[Black "Smagin, Nikita"]
[Result "1/2-1/2"]
[WhiteElo "1785"]
[BlackElo "1971"]
[PlyCount "61"]
[EventDate "2010.06.12"]
[EventType "swiss"]
[EventRounds "9"]
[EventCountry "RUS"]
[SourceTitle "CBM 137 Extra"]
[Source "ChessBase"]
[SourceDate "2010.09.01"]
[SourceVersion "1"]
[SourceVersionDate "2010.09.01"]
[SourceQuality "1"]

1. e4 c5 2. Nf3 d6 3. d4 cxd4 4. Nxd4 Nf6 5. Nc3 Nc6 6. Be3 Ng4 7. Bg5 h6 8. Bh4 g5 9. Bg3 Bg7 10. Bb5 Bd7 11. Bxc6 bxc6 12. h3 Ne5 13. Rb1 Qb6 14. Nf5 Bxf5 15. exf5 Nc4 16. 0-0 0-0 17. h4 Nxb2 18. Qf3 Qd4 19. Ne2 Qa4 20. hxg5 hxg5 21. Qh5 Qxc2 22. Qxg5 Qxe2 23. Rbe1 Qb5 24. Rxe7 Nd3 25. Bxd6 Rfe8 26. Qg4 Rxe7 27. Bxe7 Ne5 28. Qg3 Qd3 29. Qg5 Ng6 30. fxg6 Qxg6 31. Qh4 1/2-1/2

[Event "Brezova op"]
[Site "Brezova pod Bradlom"]
[Date "2009.08.27"]
[Round "7"]
[White "Danada, Tomas"]
[Black "Smagin, Nikita"]
[Result "0-1"]
[WhiteElo "1723"]
[BlackElo "2035"]
[PlyCount "56"]
[EventDate "2009.08.22"]
[EventType "swiss"]
[EventRounds "9"]
[EventCountry "SVK"]
[SourceTitle "CBM 132 Extra"]
[Source "ChessBase"]
[SourceDate "2009.11.03"]
[SourceVersion "1"]
[SourceVersionDate "2009.11.03"]
[SourceQuality "1"]

1. e4 e6 2. d4 d5 3. Nc3 Nf6 4. Bg5 Be7 5. e5 Nfd7 6. Bxe7 Qxe7 7. Nb5 Nb6 8. a4 0-0 9. a5 Nc4 10. Bxc4 dxc4 11. c3 Qd7 12. Na3 Qd5 13. Nf3 Qxa5 14. Nxc4 Qd5 15. Ne3 Qd7 16. Qc2 h6 17. g4 b6 18. Qe4 Nc6 19. g5 h5 20. d5 exd5 21. Qxd5 Qxd5 22. Nxd5 Bb7 23. Nxc7 Rac8 24. Nd5 Rfe8 25. 0-0-0 Nxe5 26. Nxe5 Rxe5 27. Nb4 Bxh1 28. Rxh1 Rxg5 0-1

[Event "Vienna op 16th"]
[Site "Vienna"]
[Date "2009.08.17"]
[Round "3"]
[White "Lacrosse, Marc"]
[Black "Smagin, Nikita"]
[Result "1-0"]
[WhiteElo "2184"]
[BlackElo "2035"]
[PlyCount "97"]
[EventDate "2009.08.15"]
[EventType "swiss"]
[EventRounds "9"]
[EventCountry "AUT"]
[SourceTitle "CBM 131 Extra"]
[Source "ChessBase"]
[SourceDate "2009.09.03"]
[SourceVersion "2"]
[SourceVersionDate "2009.09.16"]
[SourceQuality "1"]

1. d4 Nf6 2. c4 g6 3. Nc3 Bg7 4. e4 d6 5. Nf3 0-0 6. Be3 Ng4 7. Bg5 h6 8. Bh4 Nd7 9. h3 Ngf6 10. Be2 c5 11. d5 Nh5 12. g4 Nf4 13. Bg3 Nxe2 14. Qxe2 f5 15. gxf5 gxf5 16. Rg1 Kh7 17. 0-0-0 f4 18. Bh4 Ne5 19. Nxe5 Bxe5 20. Qh5 Qe8 21. Qxe8 Rxe8 22. Nb5 Bxh3 23. Nc7 Rac8 24. Nxe8 Rxe8 25. Rd3 Bd7 26. Rb3 Bc8 27. a4 e6 28. dxe6 Rxe6 29. f3 Bd4 30. Rg2 b6 31. a5 Ba6 32. axb6 axb6 33. Rc2 Rg6 34. Bf2 Bxc4 35. Rxb6 Bd3 36. Rd2 Bxf2 37. Rxf2 h5 38. Kd2 Bc4 39. b3 Bf7 40. Rb7 Kg8 41. Rh2 d5 42. Rh4 Kf8 43. Ke2 c4 44. bxc4 dxc4 45. Kd2 Rd6+ 46. Kc2 Rf6 47. Kc3 Be6 48. Rxh5 Bf7 49. Rh4 1-0

[Event "RUS-ch U16"]
[Site "Dagomys"]
[Date "2009.04.16"]
[Round "2"]
[White "Smagin, Nikita"]
[Black "Tkachev, Grigory"]
[Result "1-0"]
[WhiteElo "2043"]
[BlackElo "2124"]
[PlyCount "79"]
[EventDate "2009.04.15"]
[EventType "swiss"]
[EventRounds "9"]
[EventCountry "RUS"]
[SourceTitle "CBM 130 Extra"]
[Source "ChessBase"]
[SourceDate "2009.07.02"]
[SourceVersion "2"]
[SourceVersionDate "2009.07.15"]
[SourceQuality "1"]

1. d4 Nf6 2. c4 g6 3. Nc3 Bg7 4. e4 0-0 5. Nf3 d6 6. Be2 e5 7. 0-0 Nc6 8. d5 Ne7 9. Ne1 Nd7 10. Be3 f5 11. f3 f4 12. Bf2 g5 13. b4 b6 14. Nd3 Nf6 15. c5 Qe8 16. a4 Qh5 17. Nb5 Ne8 18. Nxc7 Nxc7 19. cxd6 Ncxd5 20. dxe7 Nxe7 21. g4 Qf7 22. a5 Rb8 23. axb6 axb6 24. Ra7 Be6 25. Qa1 Rfd8 26. Rd1 Bb3 27. Rc1 Qe6 28. Rcc7 Bf6 29. Qa3 Nc8 30. Ra6 Bc4 31. Nxf4 Bxe2 32. Nxe6 Rd1+ 33. Kg2 Rd3 34. Rc3 Rxc3 35. Qxc3 Bxa6 36. Nxg5 Nd6 37. Qc7 Rb7 38. Qxd6 Bxg5 39. Qxe5 Be7 40. b5 1-0

[Event "Moscow op-B"]
[Site "Moscow"]
[Date "2009.02.05"]
[Round "6"]
[White "Klyuev, Alexander S"]
[Black "Smagin, Nikita"]
[Result "1/2-1/2"]
[WhiteElo "1755"]
[BlackElo "2034"]
[PlyCount "53"]
[EventDate "2009.01.31"]
[EventType "swiss"]
[EventRounds "9"]
[EventCountry "RUS"]
[SourceTitle "EXT 2012"]
[Source "ChessBase"]
[SourceDate "2011.11.24"]
[SourceVersion "1"]
[SourceVersionDate "2011.11.24"]
[SourceQuality "1"]

1. d4 Nf6 2. c4 g6 3. Nc3 Bg7 4. e4 d6 5. g3 0-0 6. Bg2 Nbd7 7. Nge2 e5 8. 0-0 exd4 9. Nxd4 Re8 10. b3 Nc5 11. f3 Ne6 12. Nxe6 Bxe6 13. Qc2 c6 14. Be3 Qc7 15. Rac1 Rad8 16. Rfd1 Nd7 17. Rd2 Ne5 18. Na4 b6 19. Nb2 f5 20. Nd3 fxe4 21. Nxe5 Bxe5 22. f4 Bg7 23. Bxe4 Bf5 24. Bxf5 Rxe3 25. Bh3 Qe7 26. Bf1 Rc3 27. Qd1 1/2-1/2

[Event "Moscow op-B"]
[Site "Moscow"]
[Date "2009.02.03"]
[Round "4"]
[White "Volkov, Anton"]
[Black "Smagin, Nikita"]
[Result "1-0"]
[WhiteElo "2268"]
[BlackElo "2034"]
[PlyCount "71"]
[EventDate "2009.01.31"]
[EventType "swiss"]
[EventRounds "9"]
[EventCountry "RUS"]
[SourceTitle "EXT 2012"]
[Source "ChessBase"]
[SourceDate "2011.11.24"]
[SourceVersion "1"]
[SourceVersionDate "2011.11.24"]
[SourceQuality "1"]

1. d4 Nf6 2. Nf3 g6 3. c4 Bg7 4. g3 0-0 5. Bg2 d6 6. 0-0 c6 7. Nc3 Nbd7 8. b3 e5 9. Qc2 Qc7 10. Rd1 Re8 11. dxe5 dxe5 12. h3 Nh5 13. e4 Nc5 14. Ba3 b6 15. Bxc5 bxc5 16. Ne1 Bh6 17. Nd3 f5 18. exf5 Bxf5 19. Ne4 Rad8 20. Qe2 Rd4 21. Ndxc5 Qe7 22. Rd3 Kh8 23. Rad1 Kg8 24. Bf3 Ng7 25. Rxd4 exd4 26. Rxd4 Bxe4 27. Rxe4 Qxc5 28. Rxe8+ Nxe8 29. Qxe8+ Kg7 30. Bxc6 Bc1 31. Bd5 Qd4 32. Kg2 Bd2 33. h4 Bb4 34. Qd7+ Kf6 35. Qc6+ Kg7 36. Qb7+ 1-0

[Event "Moscow op-B"]
[Site "Moscow"]
[Date "2009.02.01"]
[Round "3"]
[White "Smagin, Nikita"]
[Black "Rozhkovan, Vadim"]
[Result "1/2-1/2"]
[WhiteElo "2034"]
[BlackElo "1400"]
[PlyCount "47"]
[EventDate "2009.01.31"]
[EventType "swiss"]
[EventRounds "9"]
[EventCountry "RUS"]
[SourceTitle "EXT 2012"]
[Source "ChessBase"]
[SourceDate "2011.11.24"]
[SourceVersion "1"]
[SourceVersionDate "2011.11.24"]
[SourceQuality "1"]

1. d4 d5 2. c4 e6 3. Nf3 c6 4. g3 f5 5. Bg2 Nf6 6. Nbd2 Be7 7. 0-0 0-0 8. b3 Ne4 9. Bb2 Nd7 10. Qc2 Ndf6 11. Rad1 Nxd2 12. Nxd2 Ne4 13. Nxe4 fxe4 14. f3 exf3 15. Rxf3 Rxf3 16. Bxf3 Bd7 17. e4 Be8 18. exd5 exd5 19. Qe2 Bf6 20. Kg2 Bf7 21. c5 Qd7 22. Rd3 Re8 23. Re3 Rxe3 24. Qxe3 1/2-1/2